Prognóza rastu HDP v SR a jej komparácia s krajinami V4 diplomová práca

Na minha lista:
Detalhes bibliográficos
Autor principal: Biž, Jozef
Autor Corporativo: Fakulta hospodárskej informatiky EU. Katedra operačného výskumu a ekonometrie
Outros Autores: König, Brian, 1983-
Formato: Livro
Idioma:eslovaco
Publicado em: Bratislava 2015
Tags: Adicionar Tag
Sem tags, seja o primeiro a adicionar uma tag!

MARC

LEADER 00000nbm a2200000 4500
001 0203421
005 20161212111142.1
041 0 |a slo 
044 |a SK 
245 1 0 |a Prognóza rastu HDP v SR a jej komparácia s krajinami V4  |b diplomová práca  |c Jozef Biž ; školiteľ: Brian König 
264 1 |a Bratislava  |c 2015 
300 |a 63 s. 
100 1 |a Biž, Jozef 
700 1 |a König, Brian, 1983- 
710 2 |a Fakulta hospodárskej informatiky EU. Katedra operačného výskumu a ekonometrie